| 000 | 00729nam a22002297a 4500 | ||
|---|---|---|---|
| 999 |
_c3657 _d3657 |
||
| 003 | AR-CdUCM | ||
| 008 | 190307b ||||| |||| 00| 0 spa d | ||
| 020 | _a978-612-4134-03-6 | ||
| 040 |
_aMUNICIPALIDAD PROVINCIAL DEL CUSCO _cBIBLIOTECA MUNICIPAL DEL CUSCO |
||
| 082 |
_a361.566 / _bF43 |
||
| 100 |
_aFerradas, Pedro _911901 |
||
| 245 | _aRiesgos de Desastres y Desarrollo / | ||
| 260 |
_aLima : _bSoluciones practicas, _c2012. |
||
| 300 |
_a216 paginas ; _bgraficos, tablas, ilustraciones, dinujos, _c24cm. |
||
| 650 |
_aDesastres _95673 |
||
| 650 |
_aLiteratura _983 |
||
| 650 |
_aSiglo XX _98 |
||
| 700 |
_aLecaros, Fernando _911902 |
||
| 856 | _fwww.solucionespracticas.org.pe | ||
| 942 |
_2ddc _cLIBROS |
||
| 945 | _apjha | ||